Vibration analysis (Record no. 65512)

000 -LEADER
fixed length control field 00425nam a22001697a 4500
003 - CONTROL NUMBER IDENTIFIER
control field NUST - PNEC
005 - DATE AND TIME OF LATEST TRANSACTION
control field 20170116180918.0
008 - FIXED-LENGTH DATA ELEMENTS--GENERAL INFORMATION
fixed length control field 150904b xxu||||| |||| 00| 0 eng d
020 ## - INTERNATIONAL STANDARD BOOK NUMBER
International Standard Book Number 8173195250
040 ## - CATALOGING SOURCE
Transcribing agency LIBRARY
082 ## - DEWEY DECIMAL CLASSIFICATION NUMBER
Classification number 620.3 DUK
100 ## - MAIN ENTRY--PERSONAL NAME
9 (RLIN) 7542
Personal name Dukkipati, Rao V.
245 ## - TITLE STATEMENT
Title Vibration analysis
Statement of responsibility, etc. Rao V. Dukkipati
260 ## - PUBLICATION, DISTRIBUTION, ETC.
Date of publication, distribution, etc. c.2004
650 ## - SUBJECT ADDED ENTRY--TOPICAL TERM
9 (RLIN) 7546
Topical term or geographic name entry element Mecahnical Engineering
General subdivision ME
942 ## - ADDED ENTRY ELEMENTS (KOHA)
Source of classification or shelving scheme
Koha item type Book
Holdings
Withdrawn status Lost status Source of classification or shelving scheme Damaged status Not for loan Permanent Location Current Location Date acquired Total Checkouts Full call number Barcode Date last seen Price effective from Koha item type Shelving location
          Pakistan Navy Engineering College (PNEC) Pakistan Navy Engineering College (PNEC) 09/04/2015   620.3 DUK PNECLIB-028584 09/04/2015 09/04/2015 Book  
          Pakistan Navy Engineering College (PNEC) Pakistan Navy Engineering College (PNEC)     620.3 DUK PNECLIB-028298 09/05/2015   Book  
© 2023 Central Library, National University of Sciences and Technology. All Rights Reserved.